Dictionary of the social sciences
Đã lưu trong:
| Príomhúdar: | |
|---|---|
| Formáid: | Leabhar |
| Teanga: | Undetermined |
| Foilsithe: |
Toronto, Canada
Collier-MacMillan
1964
|
| Ábhair: | |
| Clibeanna: |
Cuir Clib Leis
Gan Chlibeanna, Bí ar an gcéad duine leis an taifead seo a chlibeáil!
|
| Thư viện lưu trữ: | Trung tâm Học liệu Trường Đại học Cần Thơ |
|---|
| LEADER | 00515nam a2200181Ia 4500 | ||
|---|---|---|---|
| 001 | CTU_25858 | ||
| 008 | 210402s9999 xx 000 0 und d | ||
| 082 | |a 330.3 | ||
| 082 | |b G696 | ||
| 100 | |a Julius Gould | ||
| 245 | 0 | |a Dictionary of the social sciences | |
| 245 | 0 | |c Julius Gould, William L Kolb | |
| 260 | |a Toronto, Canada | ||
| 260 | |b Collier-MacMillan | ||
| 260 | |c 1964 | ||
| 650 | |a social sciences - dictionarries | ||
| 904 | |i Minh, 980930 | ||
| 980 | |a Trung tâm Học liệu Trường Đại học Cần Thơ | ||